000
00340cam a2200145ua 4500
041
_a
eng
_h
082
_a
823.308
_b
MEL/MO
100
_a
Melville, Herman .
245
_a
Moby dick /
_c
Herman melville.
_h
Textual Documents
260
_a
London :
_b
Longman ,
_c
1962.
300
_a
96 ; .
504
_a
942
_c
BK
999
_c
4899
_d
4899